000
00333nam a2200145Ia 4500
008
150201s2008 xx 000 0 und d
082
_a
617.601
_b
D2008K
100
_a
KOHLI
245
_a
DENTAL CARE FOR CHILDERN
250
_a
1ST
260
_b
ELSEVIER
_a
DELHI
_c
2008
300
_a
1-100
650
_a
PEDODONTICS
942
_2
ddc
_c
BK
999
_c
4161
_d
4161